000 00708nam a2200193 i 4500
001 69522
003 ES-MaACL
005 20230906170536.0
007 t|
008 040707s1983 sp ||||1| spa d
020 _a84-7506-062-5
100 1 _aGarcía-Diego, José A.
_954541
245 1 4 _aLos ventiun libros de los ingenios y de las máquinas /
_cPseudo-Juanelo Turriano ; prólogo de José A. García-Diego.
260 _aMadrid :
_bColegio de Ingenieros de Caminos, Canales y Puertos :
_bTurner,
_c[1983]
300 _a53 p. ;
_c24 cm.
500 _aContiene solamente el prólogo.
710 2 _aColegio de Ingenieros de Caminos, Canales y Puertos.
_9139226
852 _aES-MaACL
_j2138-F-10
_bR.114439
999 _c69522
_d69522